Countries Whose Main Languages Are Romantic Languages - Statistics

General Stats
  • This quiz has been taken 177 times
    156 since last reset
  • The average score is 49 of 68
Answer Stats
Romantic Languages Countries w/Official Language % Correct
Spanish and French Italy
97%
Italian Italy
97%
Romanian Romania
94%
Spanish Spain
94%
Portuguese Brazil
93%
Spanish Brazil
91%
French France
90%
Spanish Mexico
90%
Portuguese Portugal
89%
Spanish (de facto) Chile
87%
Spanish Paraguay
86%
Italian San Marino
86%
French and Italian Switzerland
86%
Italian (de facto) Vatican City
86%
Spanish Uruguay
85%
Spanish Venezuela
85%
Spanish (de facto) Argentina
84%
Spanish Peru
84%
Spanish Colombia
83%
Spanish Dominican Republic
83%
Spanish Guatemala
83%
Spanish Honduras
83%
Spanish Panama
83%
Spanish Cuba
82%
French Andorra
81%
Spanish Bolivia
81%
Spanish Costa Rica
81%
Spanish Nicaragua
79%
Spanish El Salvador
78%
Spanish Ecuador
77%
Romanian Moldova
77%
Portuguese Mozambique
76%
French Haiti
75%
Spanish, French, Portuguese Equatorial Guinea
74%
French (Federal) Canada
73%
French Belgium
71%
French Democratic Republic of the Congo
71%
French Monaco
71%
French Republic of the Congo
71%
French Morocco
70%
French Benin
69%
French Chad
69%
Portuguese Guinea
69%
French Côte d'Ivoire
68%
French Niger
68%
French Togo
67%
French Luxembourg
66%
French Mali
66%
Portuguese Sao Tome and Principe
66%
Portuguese Guinea-Bissau
65%
Portuguese Cape Verde
64%
French Senegal
64%
French Cameroon
62%
French Central African Republic
62%
French Tunisia
61%
French Burkina Faso
60%
French Madagascar
60%
French Burundi
59%
French Gabon
59%
French Comoros
57%
French Rwanda
56%
French Seychelles
54%
Spanish and French United States
53%
French Djibouti
49%
Portuguese East Timor
47%
French Lebanon
31%
French Vanuatu
29%
Italian Albania
17%
No matching quizzes found
Score Distribution
Percent of People with Each Score
Percentile by Number Answered
Your Score History
You have not taken this quiz since the last reset